Stati per produzione di Tè - Statistics

Statistiche generali
  • Questo quiz è stato fatto 16 volte
  • Il punteggio medio è 7 su 10
Statistiche sulle risposte
Produzione (milioni tonnellate) Continente Nazione % Corretto
2,97 Asia Cina
100%
1,2 Asia India
93%
0,08 Asia Giappone
86%
0,212 Asia / Europa Turchia
86%
0,214 Asia Vietnam
79%
0,10 America del Sud Argentina
71%
0,14 Asia Indonesia
64%
0,16 Asia Iran
50%
0,34 Asia Sri Lanka
43%
0,43 Africa Kenya
21%
Nessun quiz corrispondente trovato
Distribuzione punteggi
Percentuale di utenti per punteggio
Percentile per numero di risposta
I tuoi punteggi nel tempo
Non hai fatto questo quiz